Ciudad sostenible : (Record no. 200865)

MARC details
000 -CABECERA
campo de control de longitud fija 01832cab a2200277 ab4500
005 - FECHA Y HORA DE LA ÚLTIMA TRANSACCIÓN
campo de control 20241111135224.0
008 - ELEMENTOS DE LONGITUD FIJA--INFORMACIÓN GENERAL
campo de control de longitud fija 991125c2017 sp tr p o 000 0 spa d
035 ## - NÚMERO DE CONTROL DEL SISTEMA
Número de control de sistema UPN01000228770
040 ## - FUENTE DE LA CATALOGACIÓN
Centro catalogador/agencia de origen MX-MxUPN
Lengua de catalogación spa
Centro/agencia transcriptor MX-MxUPN
Normas de descripción aacr2
049 ## - COLECCIÓN
Colección ART-E
100 1# - ASIENTO PRINCIPAL--NOMBRE PERSONAL
Nombre de persona Benjumeda, Francisco J.
Enlace - ipacobenjumeda@gmail.com
100 1# - ASIENTO PRINCIPAL--NOMBRE PERSONAL
Nombre de persona Romero, Isabel María
245 10 - MENCIÓN DE TÍTULO
Título Ciudad sostenible :
Resto del título un proyecto para integrar las materias científico-tecnológicas en secundaria
506 0# - NOTA DE RESTRICCIONES AL ACCESO
Limitaciones de acceso Acceso abierto
520 3# - NOTA DE RESUMEN, ETC.
Sumario, etc. El aprendizaje basado en competencias, el uso de metodologías activas y contextualizadas, y la integración de las materias científico-tecnológicas son importantes demandas de los currículos actuales para las que el Aprendizaje Basado en Proyectos es especialmente adecuado. Este artículo muestra un ejemplo de proyecto interdisciplinar para 2º de ESO que vincula las materias de Ciencias, Matemáticas y Tecnología en el diseño de una ciudad sostenible. Se describe la secuencia didáctica de tareas abiertas que convergen a la elaboración del producto final y su potencial para integrar conocimientos, habilidades y procesos propios de estas materias. Finalmente, se avanzan algunos resultados de su implementación sobre la motivación y el aprendizaje del alumnado. Eureka
650 #4 - ASIENTO SECUNDARIO DE MATERIA - TERMINO TEMATICO
Término de materia o nombre geográfico como elemento de entrada Aprendizaje basado en proyectos
9 (RLIN) 27842
653 0# - TERMINO DE INDIZACION - NO CONTROLADO
Término no controlado Enseñanza de las ciencias
653 0# - TERMINO DE INDIZACION - NO CONTROLADO
Término no controlado Competencias
653 0# - TERMINO DE INDIZACION - NO CONTROLADO
Término no controlado Educación secundaria
773 ## - ENLACE AL DOCUMENTO FUENTE/ENTRADA DE REGISTRO ANFITRIÓN
Parte(s) relacionada(s) Vol. 14, no. 3 (2017), p. 621-637
Título Revista Eureka sobre enseñanza y divulgación de las ciencias
Número Internacional Normalizado para Publicaciones Seriadas 1697-011X
856 4# - LOCALIZACIÓN Y ACCESO ELECTRÓNICOS
Identificador Uniforme del Recurso <a href="https://revistas.uca.es/index.php/eureka/article/view/3157">https://revistas.uca.es/index.php/eureka/article/view/3157</a>
856 4# - LOCALIZACIÓN Y ACCESO ELECTRÓNICOS
Identificador Uniforme del Recurso <a href="http://dx.doi.org/10.25267/Rev_Eureka_ensen_divulg_cienc.2017.v14.i3.08">http://dx.doi.org/10.25267/Rev_Eureka_ensen_divulg_cienc.2017.v14.i3.08</a>
902 ## - ELEMENTOS DE DATOS B LOCAL, LDB (RLIN)
Creó Leonor Sotres/111124
905 ## - TIPO DE MATERIAL
Tipo de material Articulo
942 ## - ELEMENTOS DE PUNTO DE ACCESO ADICIONAL (KOHA)
Tipo de ítem Koha Artículo Electrónico
Holdings
Estado de retiro Estado de pérdida Estado dañado No para préstamo Código de colección Localización permanente Ubicación/localización actual Ubicación en estantería Fecha de adquisición Total de préstamos Fecha visto por última vez Identificador Uniforme del Recurso Precio válido a partir de Tipo de ítem Koha
        Acceso abierto Bib. Gregorio Torres Quintero Bib. Gregorio Torres Quintero En línea 11/11/2024   11/11/2024 https://revistas.uca.es/index.php/eureka/article/view/3157 11/11/2024 Artículo Electrónico